Music Quiz

Random Music or Clickable Quiz

3 Letter Words in 1990s Songs Quiz Stats

 Plays Quiz Updated Feb 11, 2020

Support Sporcle.
Go Orange.
Score 0/25 Timer 02:00
8 Plays Today
% Correct
Ice
89.9%
She
87%
Joe
86.6%
Fly
82.8%
Own
82.1%
Cry
81.8%
Low
81%
Ray
79.5%
Age
79%
Boy
78.1%
Big
77.6%
Day
76.7%
All
75.9%
% Correct
End
74.2%
Sun
73.7%
One
72.5%
Sex
71.5%
Bag
70.6%
Ode
67.7%
Shy
58.6%
911
56.8%
Man
56.2%
Ear
54.8%
Boo
49.2%
Hey
43.2%

You're not logged in!

Compare scores with friends on all Sporcle quizzes.
OR
Log In

From the Vault

2nd Largest: Geography

by South_sudan

Second place isn't that bad. At least you know there's room for improvement.
Remove Ads.
Support Sporcle.
Get the best of Sporcle when you Go Orange. This ad-free experience offers more features, more stats, and more fun while also helping to support Sporcle. Thank you for becoming a member.

Show Comments

Extras

Top Quizzes Today


Score Distribution

Your Account Isn't Verified!

In order to create a playlist on Sporcle, you need to verify the email address you used during registration. Go to your Sporcle Settings to finish the process.

Report this User

Report this user for behavior that violates our Community Guidelines.

Details: